Roget's thesaurus of English words and phrases /

Uloženo v:
Podrobná bibliografie
Hlavní autor: Roget, Peter Mark 1779-1869
Médium: Kniha
Vydáno: Penguin Books, 1988.
Témata:
Tagy: Přidat tag
Žádné tagy, Buďte první, kdo otaguje tento záznam!
Thư viện lưu trữ: Mạng thư viện Đại học Đà Nẵng
LEADER 01004nam a2200313 a 4500
001 000041937
003 4714
005 20220718154501.0
008 171030s1988
040 |a LNN 
082 0 |a 423.1  |b RO-P 
100 1 |a Roget, Peter Mark  |d 1779-1869 
245 0 0 |a Roget's thesaurus of English words and phrases /  |c Peter Mark Roget. 
260 |b Penguin Books,  |c 1988. 
300 |a xvi, 1086p. 
630 0 4 |a Synonyms. 
630 0 4 |a Antonyms. 
630 0 4 |a English dictionaries. 
650 0 4 |a English language  |x Synonyms and antonyms. 
OWN |a LNN 
AVA |a UDN50  |b LNN  |c English  |d 423.1 RO-P  |e available  |t Error 5001 Not defined in file expand_doc_bib_avail.  |f 2  |g 0  |h N  |i 0  |j AN 
999 |a From the UDN01 
AVA |a UDN50  |b LNN  |c English  |d 423.1 RO-P  |e available  |t Error 5001 Not defined in file expand_doc_bib_avail.  |f 2  |g 0  |h N  |i 0  |j AN 
TYP |a Monograph 
TYP |a Printed language 
980 |a Mạng thư viện Đại học Đà Nẵng